00306nam a2200109 a 450000500170000000800410001702000190005805000240007710000190010124500430012026000330016320140412111408.0070807s19uu xx 00 eng d a0-439--22205-2 aTR(PS) EbDa28 1999 aShannon, David aDavid goes to School /cDavid Shannon. aMexico :bScholastic,c1999.